Statistics for NBA Career Playoffs Leaders Per Team

Click here to take the quiz!

General Stats

  • This quiz has been taken 49 times
  • The average score is 57 of 80

Answer Stats

Team Answer % Correct
TimberwolvesKevin Garnett
100%
WarriorsStephen Curry
100%
SunsMark West
98%
LakersMagic Johnson
98%
Bucks, LakersKareem Abdul-Jabbar
98%
BullsMichael Jordan
98%
CavaliersLeBron James
98%
PelicansDavid West
98%
HeatDwyane Wade
98%
SpursTim Duncan
98%
ClippersDeAndre Jordan
98%
GrizzliesMarc Gasol
95%
JazzKarl Malone
95%
MavericksDirk Nowitzki
95%
RocketsHakeem Olajuwon
95%
LakersKobe Bryant
95%
ThunderKevin Durant
95%
ThunderRussell Westbrook
95%
CelticsBill Russell
95%
SunsKevin Johnson
93%
PistonsIsiah Thomas
93%
CelticsLarry Bird
93%
76ers, LakersWilt Chamberlain
93%
76ersJulius Erving
93%
SpursTony Parker
91%
BullsScottie Pippen
91%
KnicksPatrick Ewing
89%
ClippersChris Paul
89%
PacersReggie Miller
89%
PacersJermaine O'Neal
86%
Trail BlazersClyde Drexler
86%
WarriorsDraymond Green
86%
MagicDwight Howard
86%
Heat, HornetsAlonzo Mourning
86%
JazzJohn Stockton
86%
GrizzliesMike Conley
84%
NetsJason Kidd
84%
BucksOscar Robertson
84%
SpursManu Ginobili
82%
RaptorsKyle Lowry
82%
PistonsBen Wallace
82%
HawksLenny Wilkens
80%
MagicPenny Hardaway
77%
RocketsJames Harden
77%
HornetsBaron Davis
73%
Trail BlazersClifford Robinson
73%
PelicansAnthony Davis
73%
PacersDale Davis
73%
GrizzliesTony Allen
68%
CelticsRobert Parish
68%
NuggetsDikembe Mutombo
68%
GrizzliesZach Randolph
66%
NuggetsAlex English
64%
WizardsWes Unseld
64%
WizardsElvin Hayes
61%
ThunderShawn Kemp
61%
PacersMark Jackson
59%
KnicksWalt Frazier
57%
HawksBob Pettit
57%
RaptorsSerge Ibaka
57%
RaptorsJonas Valanciunas
50%
KingsChris Webber
50%
76ersMaurice Cheeks
48%
JazzMark Eaton
48%
PistonsRichard Hamilton
45%
SunsShawn Marion
30%
NetsKenyon Martin
23%
KingsDoug Christie
20%
NuggetsDan Issel
20%
KnicksCharles Oakley
20%
HornetsP.J. Brown
18%
HawksTree Rollins
18%
HawksMookie Blaylock
14%
BucksPaul Pressey
7%
HornetsDavid Wesley
5%
BucksAlton Lister
5%
NuggetsT.R. Dunn
0%

Score Distribution

Percentile by Number Answered

Percent of People with Each Score

Your Score History

You have not taken this quiz